[Event "Kaspersky op U16"]
[Site "Tornelo INT"]
[Date "2021.04.02"]
[Round "7"]
[White "Haurushyn, Stsiapan"]
[Black "Rajandu, Aaron"]
[Result "1-0"]
[WhiteElo "1155"]
[BlackElo "1233"]
[PlyCount "79"]
[EventDate "2021.04.02"]
[EventType "swiss (blitz)"]
[EventRounds "11"]
[EventCountry "RUS"]
[SourceTitle "CBM 201 Extra"]
[Source "ChessBase"]
[SourceDate "2021.05.31"]
[SourceVersion "1"]
[SourceVersionDate "2021.05.31"]
[SourceQuality "1"]

1. e4 e5 2. Nf3 Nc6 3. Bc4 Bc5 4. c3 Nf6 5. d4 exd4 6. e5 Ng4 7. cxd4 Bb4+ 8. Bd2 Bxd2+ 9. Qxd2 d6 10. h3 Nh6 11. 0-0 dxe5 12. dxe5 Qxd2 13. Nbxd2 0-0 14. Rfe1 Be6 15. Bxe6 fxe6 16. Ng5 Rae8 17. Ndf3 Nf5 18. Red1 h6 19. Ne4 b6 20. Rd7 Rc8 21. Rad1 Rfd8 22. Nc3 a6 23. g4 Nfe7 24. Rxd8+ Rxd8 25. Rxd8+ Nxd8 26. Nd4 Kf7 27. f4 Ndc6 28. Nce2 Nb4 29. a3 Nd3 30. b4 g5 31. f5 exf5 32. e6+ Kf6 33. gxf5 Ne5 34. Ng3 N7c6 35. Ne4+ Ke7 36. f6+ Ke8 37. Nf5 Ng6 38. f7+ Kf8 39. Nf6 Nce5 40. Nh7# 1-0

[Event "Kaspersky op U16"]
[Site "Tornelo INT"]
[Date "2021.04.02"]
[Round "3"]
[White "Haurushyn, Stsiapan"]
[Black "Vo, Pham Thien Phuc"]
[Result "0-1"]
[WhiteElo "1155"]
[BlackElo "2037"]
[PlyCount "94"]
[EventDate "2021.04.02"]
[EventType "swiss (blitz)"]
[EventRounds "11"]
[EventCountry "RUS"]
[SourceTitle "CBM 201 Extra"]
[Source "ChessBase"]
[SourceDate "2021.05.31"]
[SourceVersion "1"]
[SourceVersionDate "2021.05.31"]
[SourceQuality "1"]

1. d4 Nf6 2. c4 g6 3. Nc3 Bg7 4. e4 d6 5. Nf3 0-0 6. h3 e5 7. d5 Ne8 8. g4 f5 9. gxf5 gxf5 10. Bd3 f4 11. Bd2 Kh8 12. Qc2 Nd7 13. 0-0-0 Nc5 14. Rdg1 Bh6 15. Be2 a5 16. h4 Nf6 17. Ng5 Qe7 18. Bf3 Bd7 19. Kb1 c6 20. Qd1 Rg8 21. Bh5 Rg7 22. Rg2 Rag8 23. Rhg1 Bxg5 24. Rxg5 Rxg5 25. Rxg5 Rxg5 26. hxg5 Nfxe4 27. Nxe4 Nxe4 28. g6 Nxd2+ 29. Qxd2 Bf5+ 30. Kc1 hxg6 31. Be2 Qc7 32. dxc6 bxc6 33. Qe1 Kg7 34. Qc3 Qb6 35. Qf3 d5 36. cxd5 Qc5+ 37. Kd2 cxd5 38. Qc3 Qxc3+ 39. Kxc3 Kf6 40. a3 Ke6 41. b4 axb4+ 42. axb4 Kd6 43. f3 g5 44. b5 Kc5 45. Kd2 Bd7 46. b6 Kxb6 47. Kd3 Bb5+ 0-1

[Event "Kaspersky op U16"]
[Site "Tornelo INT"]
[Date "2021.04.02"]
[Round "5"]
[White "Haurushyn, Stsiapan"]
[Black "Wasilko, Szymon"]
[Result "1-0"]
[WhiteElo "1155"]
[BlackElo "1083"]
[PlyCount "109"]
[EventDate "2021.04.02"]
[EventType "swiss (blitz)"]
[EventRounds "11"]
[EventCountry "RUS"]
[SourceTitle "CBM 201 Extra"]
[Source "ChessBase"]
[SourceDate "2021.05.31"]
[SourceVersion "1"]
[SourceVersionDate "2021.05.31"]
[SourceQuality "1"]

1. e4 e5 2. Nf3 Nf6 3. Nxe5 Nc6 4. Nxc6 dxc6 5. Nc3 Bc5 6. d3 b5 7. a3 b4 8. axb4 Bxb4 9. Be3 0-0 10. Be2 Ne8 11. 0-0 f5 12. exf5 Bxf5 13. Bf3 Qd6 14. Ne4 Bxe4 15. Bxe4 Qf6 16. Qg4 Qxb2 17. Bxc6 Rd8 18. Rab1 Qxc2 19. Bxe8 Rdxe8 20. Rxb4 Qxd3 21. Qc4+ Qxc4 22. Rxc4 a5 23. Rxc7 a4 24. Ra1 Ra8 25. Rc4 a3 26. h3 Rf7 27. Rc3 a2 28. Rc2 Ra3 29. Rcxa2 Rxa2 30. Rxa2 h6 31. Ra8+ Kh7 32. Ra7 Rf6 33. Bd4 Rg6 34. h4 Rg4 35. Rxg7+ Rxg7 36. Bxg7 Kxg7 37. g4 Kg6 38. f4 h5 39. g5 Kf5 40. Kf2 Kg6 41. Ke3 Kf5 42. Kf3 Kg6 43. Ke4 Kg7 44. f5 Kf7 45. Ke5 Kg7 46. Ke6 Kg8 47. f6 Kf8 48. g6 Kg8 49. f7+ Kg7 50. Ke7 Kh6 51. f8Q+ Kxg6 52. Qf6+ Kh7 53. Qg5 Kh8 54. Kf7 Kh7 55. Qxh5# 1-0

[Event "Wch-ch U10 rapid"]
[Site "Minsk"]
[Date "2019.08.16"]
[Round "1"]
[White "Zverev, Lev"]
[Black "Haurushyn, Stsiapan"]
[Result "1-0"]
[WhiteElo "1879"]
[BlackElo "1226"]
[PlyCount "43"]
[EventDate "2019.08.16"]
[EventType "swiss (rapid)"]
[EventRounds "9"]
[EventCountry "BLR"]
[SourceTitle "EXT 2020"]
[Source "ChessBase"]
[SourceDate "2019.10.17"]
[SourceVersion "1"]
[SourceVersionDate "2019.10.17"]
[SourceQuality "1"]

1. e4 e6 2. d4 d5 3. Nc3 Bb4 4. a3 Bxc3+ 5. bxc3 dxe4 6. Qg4 Qf6 7. Qxe4 Ne7 8. Bd3 Ng6 9. Nf3 0-0 10. h4 Re8 11. h5 Nf8 12. h6 Ng6 13. Ne5 c6 14. Rh5 Nd7 15. Bg5 Qf5 16. Qe3 Ndxe5 17. Bxf5 exf5 18. Kf1 f6 19. Bf4 Nxf4 20. Qxf4 Ng6 21. Qc7 Be6 22. Qxg7# 1-0